| 000 | 00373nam a22001337a 4500 | ||
|---|---|---|---|
| 082 | _aP-61 | ||
| 100 |
_aCapt Muhammad Riaz _947922 |
||
| 245 |
_aElectrification plan of academic block MCE _cCapt Muhammad Riaz, Capt Khalid Mateen |
||
| 260 |
_aMCE _c18.04.2000 |
||
| 526 |
_a0 _b0 _c0 _dP_61 |
||
| 650 | _aProject | ||
| 700 |
_aLt Col Mansoor Ahmed _947923 |
||
| 942 |
_2ddc _cBK |
||
| 999 |
_c551006 _d551006 |
||